LEADER 02616nam 2200709 450 001 9910157536903321 005 20181126134720.0 010 $a1-118-75063-2 010 $a1-118-75066-7 010 $a1-118-75061-6 035 $a(CKB)4330000000006977 035 $a(MiAaPQ)EBC4773839 035 $a(EXLCZ)994330000000006977 100 $a20170110h20172017 uy 0 101 0 $aeng 135 $aurcnu|||||||| 181 $2rdacontent 182 $2rdamedia 183 $2rdacarrier 200 10$aCities and social movements $eimmigrant rights activism in the US, France, and the Netherlands, 1970-2015 /$fWalter J. Nicholls and Justus Uitermark 210 1$aChichester, England :$cWiley Blackwell,$d2017. 210 4$d©2017 215 $a1 online resource (283 pages) $cillustrations 225 1 $aStudies in Urban and Social Change 311 $a1-118-75064-0 311 $a1-118-75065-9 320 $aIncludes bibliographical references and index. 410 0$aStudies in urban and social change. 606 $aEmigration and immigration$xPolitical aspects 606 $aEmigration and immigration$xSocial aspects 606 $aImmigrants$xCivil rights 606 $aMunicipal government$xCitizen participation$vCross-cultural studies 606 $aSpatial behavior$vCross-cultural studies 606 $aSocial movements$vCross-cultural studies 606 $aSocial action$vCross-cultural studies 606 $aImmigrants$xGovernment policy$zUnited States 606 $aImmigrants$xGovernment policy$zFrance 606 $aImmigrants$xGovernment policy$zNetherlands 607 $aUnited States$xEmigration and immigration$xPolitical aspects 607 $aFrance$xEmigration and immigration$xPolitical aspects 607 $aNetherlands$xEmigration and immigration$xPolitical aspects 608 $aElectronic books. 615 0$aEmigration and immigration$xPolitical aspects. 615 0$aEmigration and immigration$xSocial aspects. 615 0$aImmigrants$xCivil rights. 615 0$aMunicipal government$xCitizen participation 615 0$aSpatial behavior 615 0$aSocial movements 615 0$aSocial action 615 0$aImmigrants$xGovernment policy 615 0$aImmigrants$xGovernment policy 615 0$aImmigrants$xGovernment policy 676 $a323.3/2912 700 $aNicholls$b Walter$0849730 702 $aUitermark$b Justus 801 0$bMiAaPQ 801 1$bMiAaPQ 801 2$bMiAaPQ 906 $aBOOK 912 $a9910157536903321 996 $aCities and social movements$91926019 997 $aUNINA LEADER 01069nam0 22002891i 450 001 VAN00054753 005 20240806100508.103 010 $a88-214-0930-9 100 $a20061023d1997 |0itac50 ba 101 $aita 102 $aIT 105 $a|||| ||||| 200 1 $aMeccanica delle strutture$esistemi rigidi ad elasticità concentrata$fAngelo Luongo, Achille Paolone 210 $aMilano$cMasson$d1997 215 $aXXI, 453 p.$d24 cm 606 $aStrutture$xStatica$3VANC009275$2FI 620 $dMilano$3VANL000284 676 $a624.171$v21 700 1$aLuongo$bAngelo$3VANV043293$09603 701 1$aPaolone$bAchille$3VANV043294$09604 712 $aMasson $3VANV107929$4650 801 $aIT$bSOL$c20240906$gRICA 899 $aBIBLIOTECA DEL DIPARTIMENTO DI INGEGNERIA$1IT-CE0100$2VAN05 912 $aVAN00054753 950 $aBIBLIOTECA DEL DIPARTIMENTO DI INGEGNERIA$d05PREST G 348 $e05 1876 20061023 996 $aMeccanica delle strutture$976493 997 $aUNICAMPANIA LEADER 02232nam 2200541z- 450 001 9910557248303321 005 20211118 035 $a(CKB)5400000000041465 035 $a(oapen)https://directory.doabooks.org/handle/20.500.12854/74111 035 $a(oapen)doab74111 035 $a(EXLCZ)995400000000041465 100 $a20202111d2020 |y 0 101 0 $aeng 135 $aurmn|---annan 181 $ctxt$2rdacontent 182 $cc$2rdamedia 183 $acr$2rdacarrier 200 00$aAlternative Splicing Regulation in Plants 210 $cFrontiers Media SA$d2020 215 $a1 online resource (175 p.) 311 08$a2-88963-974-6 330 $aThis eBook is a collection of articles from a Frontiers Research Topic. Frontiers Research Topics are very popular trademarks of the Frontiers Journals Series: they are collections of at least ten articles, all centered on a particular subject. With their unique mix of varied contributions from Original Research to Review Articles, Frontiers Research Topics unify the most influential researchers, the latest key findings and historical advances in a hot research area! Find out more on how to host your own Frontiers Research Topic or contribute to one as an author by contacting the Frontiers Editorial Office: frontiersin.org/about/contact 606 $aBotany & plant sciences$2bicssc 606 $aScience: general issues$2bicssc 610 $aadaptation 610 $adevelopment 610 $aenvironment 610 $aevolution 610 $aflowering 610 $agermination 610 $asplicing factor 610 $astress 615 7$aBotany & plant sciences 615 7$aScience: general issues 700 $aPetrillo$b Ezequiel$4edt$01287890 702 $aKalyna$b Maria$4edt 702 $aSimpson$b Craig G$4edt 702 $aTu$b Shih-Long$4edt 702 $aKiran Mandadi$b Kranthi$4edt 702 $aPetrillo$b Ezequiel$4oth 702 $aKalyna$b Maria$4oth 702 $aSimpson$b Craig G$4oth 702 $aTu$b Shih-Long$4oth 702 $aKiran Mandadi$b Kranthi$4oth 906 $aBOOK 912 $a9910557248303321 996 $aAlternative Splicing Regulation in Plants$93020532 997 $aUNINA